[Event "Koltsovo op-A"]
[Site "Koltsovo"]
[Date "2006.06.16"]
[Round "5"]
[White "Mansurov, Sergei"]
[Black "Shevchenko, Vikenty"]
[Result "0-1"]
[WhiteElo "2044"]
[BlackElo "2227"]
[PlyCount "78"]
[EventDate "2006.06.12"]
[EventType "swiss"]
[EventRounds "9"]
[EventCountry "RUS"]
[SourceTitle "EXT 2008"]
[Source "ChessBase"]
[SourceDate "2007.11.25"]
[SourceVersion "1"]
[SourceVersionDate "2007.11.25"]
[SourceQuality "1"]

1. e4 e6 2. d4 b6 3. Bd3 c5 4. c3 cxd4 5. cxd4 Nc6 6. Nf3 Nb4 7. 0-0 Bb7 8. Nc3 Nxd3 9. Qxd3 Bb4 10. d5 Ne7 11. Qd4 Bxc3 12. bxc3 0-0 13. c4 f6 14. a4 e5 15. Qd3 d6 16. Bd2 Rc8 17. Rfc1 Qd7 18. a5 b5 19. cxb5 f5 20. Rc6 fxe4 21. Qxe4 Bxc6 22. dxc6 Qf5 23. Qe3 Nd5 24. Qxa7 Rc7 25. Qa6 e4 26. b6 Rcf7 27. Rc1 exf3 28. g3 Nc7 29. bxc7 Rxc7 30. h4 Qh3 31. Qf1 Qxf1+ 32. Kxf1 Rb8 33. Kg1 Rbc8 34. Rc3 Rxc6 35. Rxf3 d5 36. Ra3 d4 37. Bf4 Rc3 38. Ra4 d3 39. a6 R3c4 0-1

[Event "Koltsovo op-A"]
[Site "Koltsovo"]
[Date "2006.06.14"]
[Round "3"]
[White "Dergilev, Igor"]
[Black "Shevchenko, Vikenty"]
[Result "1/2-1/2"]
[WhiteElo "2297"]
[BlackElo "2227"]
[PlyCount "74"]
[EventDate "2006.06.12"]
[EventType "swiss"]
[EventRounds "9"]
[EventCountry "RUS"]
[SourceTitle "EXT 2008"]
[Source "ChessBase"]
[SourceDate "2007.11.25"]
[SourceVersion "1"]
[SourceVersionDate "2007.11.25"]
[SourceQuality "1"]

1. d4 Nf6 2. Nf3 b5 3. e3 a6 4. Bd3 Bb7 5. Nbd2 e6 6. 0-0 c5 7. c3 cxd4 8. exd4 Be7 9. a4 bxa4 10. Rxa4 0-0 11. Qe2 a5 12. Ne4 Nxe4 13. Bxe4 Ba6 14. Bd3 Bxd3 15. Qxd3 d6 16. Bd2 Nc6 17. Rfa1 Rb8 18. R1a2 Bf6 19. c4 Nb4 20. Bxb4 axb4 21. b3 e5 22. d5 Re8 23. Nd2 Bg5 24. Ra6 Bxd2 25. Qxd2 Qe7 26. Qe3 e4 27. g3 Qe5 28. Ra7 f5 29. Rd7 Re7 30. Rxe7 Qxe7 31. Ra7 Qe5 32. Rd7 Rf8 33. Qf4 Qc3 34. Qg5 f4 35. gxf4 e3 36. fxe3 Qxe3+ 37. Kg2 Qe2+ 1/2-1/2

[Event "Koltsovo op-A"]
[Site "Koltsovo"]
[Date "2006.06.13"]
[Round "2"]
[White "Shevchenko, Vikenty"]
[Black "Tsepennikova, Tatyana"]
[Result "1-0"]
[WhiteElo "2227"]
[BlackElo "2079"]
[PlyCount "46"]
[EventDate "2006.06.12"]
[EventType "swiss"]
[EventRounds "9"]
[EventCountry "RUS"]
[SourceTitle "EXT 2008"]
[Source "ChessBase"]
[SourceDate "2007.11.25"]
[SourceVersion "1"]
[SourceVersionDate "2007.11.25"]
[SourceQuality "1"]

1. c4 Nf6 2. Nf3 g6 3. b4 Bg7 4. Bb2 0-0 5. g3 d5 6. cxd5 Qxd5 7. Bg2 Nc6 8. Nc3 Qh5 9. b5 Nb4 10. 0-0 Bh3 11. Bxh3 Qxh3 12. Qb3 Qg4 13. Ne5 Qh5 14. d4 a5 15. a3 Rad8 16. b6 Rxd4 17. Nxf7 Rxf7 18. bxc7 Qc5 19. axb4 Rxb4 20. Rxa5 Qd6 21. Qxb4 Qxb4 22. c8Q+ Rf8 23. Qe6+ Kh8 1-0

[Event "Koltsovo op-A"]
[Site "Koltsovo"]
[Date "2006.06.12"]
[Round "1"]
[White "Vekshenkov, Nikolai"]
[Black "Shevchenko, Vikenty"]
[Result "1-0"]
[WhiteElo "2457"]
[BlackElo "2227"]
[PlyCount "89"]
[EventDate "2006.06.12"]
[EventType "swiss"]
[EventRounds "9"]
[EventCountry "RUS"]
[SourceTitle "EXT 2008"]
[Source "ChessBase"]
[SourceDate "2007.11.25"]
[SourceVersion "1"]
[SourceVersionDate "2007.11.25"]
[SourceQuality "1"]

1. Nf3 Nc6 2. c4 e5 3. Nc3 f5 4. d4 e4 5. Ng5 Bb4 6. Nh3 Qf6 7. e3 Bxc3+ 8. bxc3 Nge7 9. Nf4 b6 10. h4 Ba6 11. Ba3 Na5 12. Bb4 Bxc4 13. Bxa5 Bxf1 14. Kxf1 bxa5 15. Rb1 0-0 16. Qb3+ Qf7 17. Ke2 Qxb3 18. Rxb3 Rfb8 19. Rhb1 Rb6 20. Kd2 Rab8 21. Kc2 Ng6 22. Nxg6 hxg6 23. c4 Kf7 24. c5 Rxb3 25. Rxb3 Rxb3 26. Kxb3 Ke6 27. Ka4 f4 28. Kxa5 fxe3 29. fxe3 Kd5 30. Kb4 a5+ 31. Kb5 c6+ 32. Kb6 Kc4 33. Kc7 Kd3 34. Kxd7 Kxe3 35. d5 Kd4 36. dxc6 e3 37. c7 e2 38. c8Q e1Q 39. c6 Qxh4 40. Qd8 Qg4+ 41. Ke8+ Kc4 42. c7 Qe6+ 43. Kf8 Qf5+ 44. Kg8 Qe6+ 45. Kh8 1-0